<?xml version='1.0' encoding='UTF-8'?>
  <record xmlns="http://www.loc.gov/MARC21/slim">
    <leader>00000cam a2200000 i 4500</leader>
    <controlfield tag="001">ocm64765711</controlfield>
    <controlfield tag="003">OCoLC</controlfield>
    <controlfield tag="005">20251015153537.4</controlfield>
    <controlfield tag="008">871019s1862    ne            000 0 fre d</controlfield>
    <datafield tag="040" ind1=" " ind2=" ">
      <subfield code="a">NLGGC</subfield>
      <subfield code="b">dut</subfield>
      <subfield code="e">fobidrtb</subfield>
      <subfield code="c">NLGGC</subfield>
      <subfield code="d">QGJ</subfield>
      <subfield code="d">OCLCA</subfield>
      <subfield code="d">L2U</subfield>
      <subfield code="d">OCLCO</subfield>
      <subfield code="d">OCLCL</subfield>
      <subfield code="d">OCLCQ</subfield>
    </datafield>
    <datafield tag="029" ind1="0" ind2=" ">
      <subfield code="a">NLGGC</subfield>
      <subfield code="b">041765699</subfield>
    </datafield>
    <datafield tag="035" ind1=" " ind2=" ">
      <subfield code="a">(OCoLC)64765711</subfield>
    </datafield>
    <datafield tag="084" ind1=" " ind2=" ">
      <subfield code="a">06.27</subfield>
      <subfield code="2">bcl</subfield>
    </datafield>
    <datafield tag="245" ind1="0" ind2="0">
      <subfield code="a">Catalogue de la belle bibliothèque de feu M.M. W. C. Ackersdijck, père et J. Ackersdijck, fil, dont la vente aura lieu mercredi, 21 mai, et jours suivants ... par le libraire Frederik Muller.</subfield>
    </datafield>
    <datafield tag="260" ind1=" " ind2=" ">
      <subfield code="a">Amsterdam :</subfield>
      <subfield code="b">FrederikMuller,</subfield>
      <subfield code="c">1862.</subfield>
    </datafield>
    <datafield tag="300" ind1=" " ind2=" ">
      <subfield code="a">2 dl. (1 bd.) (XVI, 312 p.) ;</subfield>
      <subfield code="c">22 cm.</subfield>
    </datafield>
    <datafield tag="336" ind1=" " ind2=" ">
      <subfield code="a">tekst</subfield>
      <subfield code="b">txt</subfield>
      <subfield code="2">rdacontent/dut</subfield>
    </datafield>
    <datafield tag="337" ind1=" " ind2=" ">
      <subfield code="a">zonder medium</subfield>
      <subfield code="b">n</subfield>
      <subfield code="2">rdamedia/dut</subfield>
    </datafield>
    <datafield tag="338" ind1=" " ind2=" ">
      <subfield code="a">band</subfield>
      <subfield code="b">nc</subfield>
      <subfield code="2">rdacarrier/dut</subfield>
    </datafield>
    <datafield tag="500" ind1=" " ind2=" ">
      <subfield code="a">Veilingcatalogus.</subfield>
    </datafield>
    <datafield tag="505" ind1="0" ind2=" ">
      <subfield code="a">I. Statistique. Géographie. Histoire. Jurisprudence. Sciences politiques. Économie politique. Commerce. Vente 21-30 Mai. II. Théologie. Philosophie. Histoire littéraire. Littérature classique et moderne. Livres curieux. Vente 31 Mai au 3 Juin.</subfield>
    </datafield>
    <datafield tag="530" ind1=" " ind2=" ">
      <subfield code="a">Also available in online version.</subfield>
    </datafield>
    <datafield tag="600" ind1="1" ind2="4">
      <subfield code="a">Ackersdijk, W.C.</subfield>
      <subfield code="q">(Willem Cornelis),</subfield>
      <subfield code="d">1760-1843.</subfield>
      <subfield code="0">(NL-LeOCL)068477422</subfield>
    </datafield>
    <datafield tag="600" ind1="1" ind2="4">
      <subfield code="a">Ackersdijck, Jan,</subfield>
      <subfield code="d">1790-1861.</subfield>
      <subfield code="0">(NL-LeOCL)068412223</subfield>
    </datafield>
    <datafield tag="650" ind1=" " ind2="7">
      <subfield code="a">06.27 bibliophily, private libraries.</subfield>
      <subfield code="0">(NL-LeOCL)077593022</subfield>
      <subfield code="2">bcl</subfield>
    </datafield>
    <datafield tag="650" ind1="1" ind2="7">
      <subfield code="a">Particuliere verzamelingen.</subfield>
      <subfield code="2">gtt</subfield>
      <subfield code="0">(NL-LeOCL)078623510</subfield>
    </datafield>
    <datafield tag="600" ind1="1" ind2="7">
      <subfield code="a">Ackersdijk, W.C.,</subfield>
      <subfield code="d">1760-1843.</subfield>
      <subfield code="0">(NL-LeOCL)068477422</subfield>
      <subfield code="2">nta</subfield>
    </datafield>
    <datafield tag="600" ind1="1" ind2="7">
      <subfield code="a">Ackersdijck, Jan,</subfield>
      <subfield code="d">1790-1861.</subfield>
      <subfield code="0">(NL-LeOCL)068412223</subfield>
      <subfield code="2">nta</subfield>
    </datafield>
    <datafield tag="655" ind1=" " ind2="7">
      <subfield code="a">Bibliotheekcatalogi (vorm)</subfield>
      <subfield code="2">gtt</subfield>
      <subfield code="0">(NL-LeOCL)088141756</subfield>
    </datafield>
    <datafield tag="700" ind1="1" ind2=" ">
      <subfield code="a">Ackersdijk, W.C.</subfield>
      <subfield code="q">(Willem Cornelis),</subfield>
      <subfield code="d">1760-1843.</subfield>
      <subfield code="1">https://id.oclc.org/worldcat/entity/E39PBJfRFgm8bfvh8tJTkm7rbd</subfield>
    </datafield>
    <datafield tag="700" ind1="1" ind2=" ">
      <subfield code="a">Ackersdijck, Jan,</subfield>
      <subfield code="d">1790-1861.</subfield>
      <subfield code="1">https://id.oclc.org/worldcat/entity/E39PBJcwCBkMggcmF8mdqkc773</subfield>
    </datafield>
    <datafield tag="758" ind1=" " ind2=" ">
      <subfield code="a">Catalogue de la belle bibliothèque de feu M.M. W. C. Ackersdijck, père et J. Ackersdijck, fil, dont la vente aura lieu mercredi, 21 mai, et jours suivants ... par le libraire Frederik Muller (Text)</subfield>
      <subfield code="1">https://id.oclc.org/worldcat/entity/E39PCGv9xjGT4V4YKQWbb4Rjwd</subfield>
      <subfield code="4">https://id.oclc.org/worldcat/ontology/hasWork</subfield>
    </datafield>
    <datafield tag="856" ind1="4" ind2="1">
      <subfield code="u">http://objects.library.uu.nl/reader/index.php?obj=1874-343861&amp;lan=en#page//10/82/84/108284882101066759435458620013646492522.jpg/mode/1up</subfield>
      <subfield code="x">Online</subfield>
      <subfield code="z">Full text</subfield>
    </datafield>
    <datafield tag="936" ind1=" " ind2=" ">
      <subfield code="a">BATCHLOAD</subfield>
    </datafield>
  </record>